000 01242nam a22003857a 4500
001 0046347
003 KOHA_MİRAKIL
005 20260207003515.0
007 ta
008 141021b2010 tu |||gr||||#0|||0|ger |
020 _a9789754003444
040 _aTR-BiSEU
_btur
_cTR-BiSEU
_erda
041 0 _ager
044 _ctu
050 _aDR479
_b.D37 2010
245 0 4 _aDas Deutsch-Türkische verhaltnis/
_cHazırlayan Muzaffer Dartan, Hagen Lichtenberg, Ali Eliş.
264 1 _aİstanbul :
_bMarmara Üniversitesi
_c2010
300 _aXVI, 390 sayfa ;
_c24 cm.
336 _ametin
_btxt
_2rdacontent
337 _aaracısız
_bn
_2rdamedia
338 _acilt
_bnc
_2rdacarrier
490 1 _aMarmara Universitat Puplikations-Nr.
490 1 _a ;
_v16.
490 1 _aİnstitut für Europaische Union Publikations-Nr.
490 1 _a ;
_v16.
650 0 _aAlmanya--Dış İlişkiler--Türkiye.
_985431
650 0 _aTürkiye--Dış İlişkiler--Almanya.
_985432
650 0 _aAvrupa Federasyonu.
_985433
830 1 _aMarmara Universitat Puplikations-Nr.
_985434
830 1 _a ;
_v16.
_91620
830 1 _aİnstitut für Europaische Union Publikations-Nr.
_985435
830 1 _a ;
_v16.
_91620
907 _aTarih
942 _2lcc
_cBK
999 _c46313
_d46313